<?xml version="1.0" encoding="UTF-8"?>
<record
    xmlns:xsi="http://www.w3.org/2001/XMLSchema-instance"
    xsi:schemaLocation="http://www.loc.gov/MARC21/slim http://www.loc.gov/standards/marcxml/schema/MARC21slim.xsd"
    xmlns="http://www.loc.gov/MARC21/slim">

  <leader>02597nab a2200277 ab4500</leader>
  <controlfield tag="005">20260625064033.0</controlfield>
  <controlfield tag="008">260604b2025    sp fr poo|    0   0 spa d</controlfield>
  <controlfield tag="003"></controlfield>
  <datafield tag="040" ind1=" " ind2=" ">
    <subfield code="a">MX-MxUPN</subfield>
    <subfield code="b">spa</subfield>
    <subfield code="c">MX-MxUPN</subfield>
    <subfield code="e">aacr2</subfield>
  </datafield>
  <datafield tag="100" ind1="1" ind2=" ">
    <subfield code="a">Riofr&#xED;o Calder&#xF3;n, Gioconda del Cisne </subfield>
    <subfield code="9">60000</subfield>
  </datafield>
  <datafield tag="100" ind1="1" ind2=" ">
    <subfield code="a">Moncada Mora, Luis</subfield>
    <subfield code="9">60001</subfield>
  </datafield>
  <datafield tag="100" ind1="1" ind2=" ">
    <subfield code="a">Ram&#xED;rez Montoya, Mar&#xED;a Soledad</subfield>
    <subfield code="9">53105</subfield>
  </datafield>
  <datafield tag="100" ind1="1" ind2=" ">
    <subfield code="a">Cornejo Monta&#xF1;o, Gabriela Elizabeth </subfield>
    <subfield code="9">60002</subfield>
  </datafield>
  <datafield tag="245" ind1="1" ind2="3">
    <subfield code="a">El impacto de los tutores institucionales en el &#xE9;xito acad&#xE9;mico de la educaci&#xF3;n a distancia :</subfield>
    <subfield code="b">an&#xE1;lisis con t&#xE9;cnicas estad&#xED;sticas y econom&#xE9;tricas</subfield>
    <subfield code="h">[recurso electr&#xF3;nico en l&#xED;nea]</subfield>
  </datafield>
  <datafield tag="506" ind1="0" ind2=" ">
    <subfield code="a">Acceso abierto</subfield>
  </datafield>
  <datafield tag="520" ind1="3" ind2=" ">
    <subfield code="a">Analizar los factores que influyen en el abandono estudiantil en la educaci&#xF3;n superior es un desaf&#xED;o para las instituciones educativas, por lo que resulta fundamental comprender sus determinantes para hacerles frente de manera efectiva. El estudio se centr&#xF3; en el papel del tutor institucional en el &#xE9;xito acad&#xE9;mico con estudiantes en l&#xED;nea de una universidad de Ecuador, para ubicar directrices para la retenci&#xF3;n estudiantil. Se trabaj&#xF3; con enfoque cuantitativo integrando t&#xE9;cnicas estad&#xED;sticas y econom&#xE9;tricas, para analizar datos de 14 tutores y 2000 estudiantes, con indicadores de rendimiento acad&#xE9;mico, permanencia estudiantil e informaci&#xF3;n del perfil de los tutores. Los resultados indican que: (a) caracter&#xED;sticas del perfil de los tutores, como g&#xE9;nero, experiencia, nivel de estudios o disciplina, no resultaron significativas para la retenci&#xF3;n o abandono, (b) el rendimiento acad&#xE9;mico y la satisfacci&#xF3;n con el tutor tienen impacto significativo en la probabilidad de que los estudiantes contin&#xFA;en con sus estudios, (c) una evaluaci&#xF3;n positiva del tutor por parte de los estudiantes tambi&#xE9;n se asocia con mayor probabilidad de continuidad. Esta investigaci&#xF3;n proporciona informaci&#xF3;n para la toma de decisiones por parte de autoridades universitarias, al permitirles evaluar estrategias y analizar su impacto en el &#xE9;xito acad&#xE9;mico de los estudiantes en la modalidad en l&#xED;nea. </subfield>
    <subfield code="c">REIFOP</subfield>
  </datafield>
  <datafield tag="650" ind1=" " ind2="4">
    <subfield code="a">Tutor&#xED;a en la educaci&#xF3;n</subfield>
    <subfield code="9">5718</subfield>
  </datafield>
  <datafield tag="650" ind1=" " ind2="4">
    <subfield code="a">Educaci&#xF3;n a distancia</subfield>
    <subfield code="9">7924</subfield>
  </datafield>
  <datafield tag="650" ind1=" " ind2="4">
    <subfield code="a">Rendimiento acad&#xE9;mico</subfield>
    <subfield code="9">3961</subfield>
  </datafield>
  <datafield tag="650" ind1=" " ind2="4">
    <subfield code="a">Innovaciones educativas</subfield>
    <subfield code="9">386</subfield>
  </datafield>
  <datafield tag="773" ind1=" " ind2=" ">
    <subfield code="g">Vol. 28, no. 2 (2025), p. 97-117</subfield>
    <subfield code="t">REIFOP: revista interuniversitaria de formaci&#xF3;n del profesorado</subfield>
    <subfield code="x">1575-0965</subfield>
  </datafield>
  <datafield tag="856" ind1="4" ind2=" ">
    <subfield code="u">https://revistas.um.es/reifop/article/view/661611</subfield>
  </datafield>
  <datafield tag="856" ind1="4" ind2=" ">
    <subfield code="u">https://revistas.um.es/reifop/article/view/661611/382241</subfield>
  </datafield>
  <datafield tag="902" ind1=" " ind2=" ">
    <subfield code="a">Leonor Sotres/170626</subfield>
  </datafield>
  <datafield tag="942" ind1=" " ind2=" ">
    <subfield code="c">ART-E</subfield>
  </datafield>
  <datafield tag="952" ind1=" " ind2=" ">
    <subfield code="0">0</subfield>
    <subfield code="1">0</subfield>
    <subfield code="4">0</subfield>
    <subfield code="7">0</subfield>
    <subfield code="8">CAA</subfield>
    <subfield code="a">BCUPN50</subfield>
    <subfield code="b">BCUPN50</subfield>
    <subfield code="c">ENL</subfield>
    <subfield code="d">2026-06-17</subfield>
    <subfield code="l">0</subfield>
    <subfield code="r">2026-06-17 12:16:15</subfield>
    <subfield code="u">https://revistas.um.es/reifop/article/view/661611/382241</subfield>
    <subfield code="w">2026-06-17</subfield>
    <subfield code="y">ART-E</subfield>
  </datafield>
  <datafield tag="999" ind1=" " ind2=" ">
    <subfield code="c">215368</subfield>
    <subfield code="d">215368</subfield>
  </datafield>
</record>
